[Event "9th Norway Chess 2021"]
[Site "Stavanger"]
[Date "2021.09.07"]
[Round "1.1"]
[White "Nepomniachtchi, Ian"]
[Black "Karjakin, Sergey"]
[Result "1-0"]
[WhiteElo "2792"]
[BlackElo "2758"]
[Annotator "TA"]
[PlyCount "73"]
[EventDate "2021.08.31"]
[EventType "tourn"]
[EventCountry "NOR"]
[SourceTitle "playchess.com"]
[Source "ChessBase"]
[SourceQuality "1"]

{[%evp 18,73,25,2,33,7,13,13,23,23,25,2,12,2,21,8,8,0,100,100,94,80,112,109,
120,112,113,105,180,185,193,187,161,175,178,179,173,181,172,145,140,139,175,
202,204,173,180,173,215,216,165,180,273,272,254,245,252,245]} 1. e4 e5 2. Nf3
Nc6 3. Bb5 Nf6 4. O-O Nxe4 5. d4 Nd6 6. Bxc6 dxc6 7. dxe5 Nf5 8. Qxd8+ Kxd8 9.
Nc3 Ke8 10. h3 h5 {C67: Ruy Lopez: Berlin Defence: 4 0-0 Nxe4.} 11. Bf4 Be7 12.
Rad1 Be6 {The position is equal.} 13. Ng5 Rh6 14. Rfe1 $1 {[%mdl 4] is
recently more successful than 14.g3.} Rd8 15. Rxd8+ Kxd8 {[#]} 16. Nce4 $5 $146
{[%mdl 8] An interesting novelty.} ({Predecessor:} 16. g4 hxg4 17. hxg4 Nd4 18.
Rd1 c5 19. Nxe6+ Rxe6 20. Ne2 Kc8 21. Nxd4 cxd4 22. Rxd4 {1/2-1/2 (35) Vachier
Lagrave,M (2749)-Karjakin,S (2757) Krasnaya Polyana 2021}) 16... c5 17. Nf6
Bxa2 {[#]} (17... gxf6 $11 {keeps the balance.} 18. Nxe6+ fxe6 19. Bxh6 Nxh6)
18. b3 $1 $16 Kc8 (18... Rxf6 19. exf6) 19. Nxf7 Rg6 {[#]} 20. Nh8 $1 Rxf6 21.
exf6 {[%mdl 64] Discovered Attack} Bxf6 22. Be5 {aiming for Bxf6.} Bxe5 (22...
c4 $16 {was called for.}) 23. Rxe5 {[%mdl 4160] Endgame Double Attack. KRN-KBN}
Nd4 24. Rxc5 b6 25. Rc4 {[%cal Rc4d4]} ({Don't take} 25. Rxh5 $6 Nxc2 26. Kf1
Bxb3 $11) 25... c5 26. Ra4 Bb1 27. c3 Nc6 28. Nf7 Bc2 29. Ra3 a5 {[#]} 30. Nd6+
$1 Kc7 31. Nc4 Na7 {With the idea ...Nb5.} 32. Ne3 Bh7 {intending ...Nb5.} 33.
b4 Nb5 34. Ra1 cxb4 (34... Nxc3 $142 35. bxc5 (35. bxa5 b5 $18) 35... Bg8) 35.
cxb4 $18 axb4 36. Nd5+ {[%mdl 64] Double Attack} Kd6 37. Nxb4 {Weighted Error
Value: White=0.07/Black=0.21} 1-0

[Event "9th Norway Chess 2021"]
[Site "Stavanger"]
[Date "2021.09.07"]
[Round "1.2"]
[White "Firouzja, Alireza"]
[Black "Carlsen, Magnus"]
[Result "1/2-1/2"]
[WhiteElo "2754"]
[BlackElo "2855"]
[Annotator "TA"]
[PlyCount "114"]
[EventDate "2021.08.31"]
[EventType "tourn"]
[EventCountry "NOR"]
[SourceTitle "playchess.com"]
[Source "ChessBase"]
[SourceQuality "1"]

{[%evp 9,114,26,48,35,29,25,37,25,30,28,29,19,21,0,63,64,60,20,42,17,31,0,0,14,
0,17,0,-102,-101,-110,33,0,80,76,94,87,68,66,88,83,95,87,80,47,45,45,93,81,81,
77,87,76,76,80,83,62,63,84,139,145,169,169,169,169,169,169,187,187,184,90,175,
179,229,215,334,332,389,335,679,671,639,624,935,904,995,985,994,1000,1072,591,
737,454,652,91,91,-8,-8,-8,-8,-8,-8,-8,-8,-8,-8,-8,-8]} 1. e4 c5 2. Nf3 Nc6 3.
Bb5 e6 4. O-O Nge7 5. Re1 b6 {[#]} 6. d4 $146 {B30: Sicilian: 2...Nc6 3 Bb5,
lines without ...g6.} ({Predecessor:} 6. c3 a6 7. Ba4 b5 8. Bc2 Bb7 9. d4 cxd4
10. cxd4 Ng6 11. Nc3 Na5 12. g3 Rc8 13. h4 {1-0 (30) Nemchenko,V (2470)-Babic,
D (2408) ICCF email 2014}) 6... cxd4 7. Nxd4 Bb7 8. Nc3 {White is slightly
better.} a6 9. Bf1 Nxd4 10. Qxd4 Nc6 11. Qe3 Bc5 (11... Qc7 $11) 12. Qg3 $14
O-O 13. e5 {And now Bh6! would win.} f5 14. exf6 Rxf6 15. Bg5 Rxf2 {Hoping for
...Rf3+.} 16. Bxd8 $40 {[%mdl 128] Black needs to defend precisely.} Rf3+ 17.
Kh1 Rxg3 18. Bxb6 Bxb6 $17 ({Not} 18... Rxc3 19. bxc3 Bxb6 20. Reb1 $18) 19.
hxg3 Bf2 (19... Rf8 $1 $17 {[%cal Rf8f6]} 20. Re4 Nd4) 20. Re2 Bxg3 (20... Rf8
$11 {remains equal.}) 21. Ne4 $16 Be5 {White should prevent ...Nd4.} 22. Nc5
Bc8 23. c3 d6 24. Ne4 Kf7 25. Rd1 Ke7 26. g3 Rb8 27. Bg2 d5 28. Nc5 Kd6 29. b4
a5 30. a3 {[%cal Ba2a3,Ba3b4,Bb4b5][%mdl 32]} axb4 31. axb4 Ra8 32. Ne4+ Kc7 $1
{[#]} 33. b5 $1 {Strongly threatening Ng5.} dxe4 (33... Nd8 $142) 34. Rxe4 {
Threatens to win with Rc4.} (34. bxc6 $6 Ra3 $16) 34... Ra3 35. Rc4 {[%mdl 64]
Pin} ({Don't take} 35. bxc6 $6 Bxg3 36. Bh3 Rxc3 $14) 35... Rxc3 36. Rxc3 Bxc3
37. Rc1 Na7 38. Rxc3+ $18 {[%mdl 4096] Endgame KRB-KBN} Kb6 39. Bc6 (39. Kh2
$18) 39... e5 (39... Nxb5 $16 40. Bxb5 Bb7+ 41. Kg1 Kxb5) 40. Kg1 Bf5 {[#]} 41.
Be8 $1 g6 (41... Bc8 $142 42. Re3 Nxb5 43. Bxb5 (43. Rxe5 Nd6 $16) 43... Kxb5
44. Rxe5+ Kc4) 42. Kf2 h5 43. Ra3 g5 $2 (43... Kb7 44. Ra6 Bd3) 44. Ra6+ Kb7
45. Rf6 Be4 46. Re6 h4 47. g4 Nc8 48. Rxe5 Nd6 49. Bd7 Kc7 50. Be6 Bb7 (50...
h3 $142) 51. Ke3 $2 (51. Bd5 $18 Bc8 52. Bf3) 51... h3 $16 {[#] aiming for ...
h2.} 52. Rxg5 (52. Bd5 $1 $16 Nc4+ 53. Bxc4) 52... h2 $11 {The position is
equal.} 53. Rh5 (53. Rg7+ {is interesting.} Kd8 54. Rh7 h1=Q 55. Rxh1 Bxh1 56.
g5) 53... h1=Q 54. Rxh1 Bxh1 55. g5 Be4 56. Kd4 Bh7 57. Ke5 Ne4 {Black escapes
into a draw.  Weighted Error Value: White=0.45/Black=0.40} 1/2-1/2

[Event "9th Norway Chess 2021"]
[Site "Stavanger"]
[Date "2021.09.07"]
[Round "1.2"]
[White "Tari, Aryan"]
[Black "Rapport, Richard"]
[Result "0-1"]
[WhiteElo "2642"]
[BlackElo "2760"]
[Annotator "TA"]
[PlyCount "110"]
[EventDate "2021.08.31"]
[EventType "tourn"]
[EventCountry "NOR"]
[SourceTitle "playchess.com"]
[Source "ChessBase"]
[SourceQuality "1"]

{[%evp 11,110,8,20,0,8,8,22,0,0,-38,-34,-41,-28,-34,-26,-49,-49,-54,-67,-62,
-72,-62,-58,-89,-47,-54,-47,-71,-51,-63,-56,-52,-55,-69,-51,-83,-91,-81,-90,
-89,-95,-85,-85,-88,-92,-88,-93,-91,-90,-141,-143,-146,-140,-237,-231,-241,
-236,-266,-187,-199,-199,-374,-364,-420,-411,-371,-379,-450,-419,-383,-315,
-362,-111,-616,-616,-616,-616,-1187,-616,-616,-616,-616,-616,-616,-616,-616,
-579,-579,-590,-29964,-29965,-29958,-29959,-29957,-29954,-3572,-3115,-29976,
-5717,-29989,-29990]} 1. e4 e6 2. d4 d5 3. Nc3 Bb4 4. exd5 exd5 5. Bd3 Ne7 6.
Nf3 Bg4 {6...0-0 gains popularity.} 7. h3 {C01: French: Exchange Variation.}
Bh5 8. O-O Nbc6 9. Be2 {The position is equal.} O-O {[#]} 10. Nh4 $146 ({
Predecessor:} 10. a3 Bxc3 11. bxc3 Nc8 12. a4 Nd6 13. Bg5 f6 14. Bf4 Ne4 15.
Bd2 Na5 16. Be1 {0-1 (36) Belyakov,B (2489)-Mozharov,M (2542) Pardubice 2018})
10... Bxc3 11. bxc3 Bxe2 12. Qxe2 Re8 {Threatens to win with ...Ng6.} 13. Qf3
Qd7 14. Bd2 Na5 15. Rae1 Nc4 16. Bc1 a5 17. Qh5 Ra6 18. Nf3 g6 19. Qh4 f6 20.
Re2 {Threatening Rfe1.} Nf5 21. Rxe8+ Qxe8 22. Qf4 Qd7 23. Re1 g5 24. Qg4 {[#]}
Re6 $1 25. h4 Rxe1+ 26. Nxe1 Qe6 27. Nd3 Qe4 $36 {[%mdl 2048] White is under
strong pressure.} 28. Qxe4 dxe4 $17 {[%mdl 4096] Endgame KBN-KNN} 29. Nc5 {
[%mdl 64] Double Attack} Nxh4 30. Nxb7 {[#]} ({White should play} 30. Nxe4 Kf7
31. Nc5) 30... Nf5 $1 31. Nc5 Nfd6 32. g4 (32. Kf1 $17 {keeps fighting.}) 32...
Kf7 $19 33. Kg2 Kg6 34. a4 h5 35. gxh5+ Kxh5 36. Kg3 $2 (36. Ne6) 36... f5 37.
Ne6 f4+ 38. Bxf4 Nf5+ ({Less strong is} 38... gxf4+ 39. Kxf4 Ne8 40. Nc5 $17)
39. Kh3 gxf4 40. Nxf4+ Kh6 41. Ne6 Ne7 $2 (41... Nb6 $19 {is more deadly.} 42.
Kg4 Nd6 43. Nxc7 Nxa4) 42. Nxc7 $2 {[%mdl 8192] This move loses the game for
White.} (42. Kg4 $17) 42... Kg5 43. Kg2 Kg4 44. Kf1 Kf3 45. Ke1 Nc8 46. Ne6
N8b6 47. Ng5+ Kf4 48. Ne6+ Kg4 49. Nc5 Kf3 50. Nb3 Nxa4 51. d5 Nab6 52. d6 a4 {
[%cal Ba5a4,Ba4a3][%mdl 32]} 53. Nd4+ Kf4 54. Nb5 {[#]} Nxd6 $1 {[%mdl 512]}
55. Nxd6 (55. Nd4 Nd5) 55... a3 {Weighted Error Value: White=0.81/Black=0.34}
0-1

[Event "9th Norway Chess 2021"]
[Site "Stavanger"]
[Date "2021.09.08"]
[Round "2.1"]
[White "Carlsen, Magnus"]
[Black "Tari, Aryan"]
[Result "1/2-1/2"]
[WhiteElo "2855"]
[BlackElo "2642"]
[Annotator "TA"]
[PlyCount "92"]
[EventDate "2021.08.31"]
[EventType "tourn"]
[EventCountry "NOR"]
[SourceTitle "playchess.com"]
[Source "ChessBase"]
[SourceQuality "1"]

{[%evp 10,92,17,10,16,0,4,0,6,-12,-12,-11,0,-13,-5,-11,-4,-28,-28,-50,-49,-65,
-42,-53,-58,-56,-59,-109,-113,-127,-120,-132,-141,-139,-135,-140,-135,-127,
-135,-122,-122,-122,-132,-208,-131,-175,-181,-179,-179,-181,-179,-152,-140,
-162,-162,-187,-162,-162,-101,-101,-92,-91,0,0,0,0,0,0,0,0,0,0,0,-115,-13,-13,
-13,-13,-20,-39,-60,-61,-68,-68,-69]} 1. e4 e5 2. Nf3 Nc6 3. Bc4 Nf6 4. d3 Bc5
5. c3 d6 6. Nbd2 a5 {C54: Giuoco Piano: 4 c3 Nf6, main lines with 5 d4 and 5
d3.} 7. Nf1 Be6 {[#]} 8. Bb5 $146 ({Predecessor:} 8. Bb3 O-O 9. Ng3 h6 10. O-O
Bxb3 11. axb3 Re8 12. Nf5 Kh7 13. N3h4 Ng8 14. Qf3 {1-0 (30) Bochnicka,V (2151)
-Jurakic,L (2023) Skalica 2020}) 8... O-O {The position is equal.} 9. Bg5 h6
10. Bh4 g5 11. Bg3 Nh5 12. Ne3 Qf6 13. Bxc6 bxc6 14. d4 exd4 15. Nxd4 Bxd4 16.
cxd4 Nf4 17. h4 Rfb8 18. b3 a4 $1 19. bxa4 Rb2 20. hxg5 hxg5 ({Don't take} 
20... Qxg5 21. Qf3 $11) 21. Bxf4 gxf4 22. Nf5 Bxf5 23. exf5 Re8+ 24. Kf1 Qxf5 {
Threatens to win with ...Reb8.} 25. Rh5 Qg6 26. Rh4 (26. Rh3 $17 {keeps
fighting.}) 26... Ree2 {[%mdl 64] Decoy} 27. Qxe2 Rxe2 28. Kxe2 $17 {[%mdl
4096] Endgame KQ-KRR} Qe4+ 29. Kf1 Qxd4 30. Re1 Qxa4 31. Kg1 {[#]} Kf8 $1 ({
Don't play} 31... Qxa2 32. Re8+ Kg7 33. Rxf4 $15) 32. Rh8+ Kg7 33. Rc8 f3 (
33... Qxa2 $19 34. Rxc7 Qc4) 34. gxf3 Qa5 35. Re4 c5 ({Black should try} 35...
Qxa2 $17 36. Rxc7 c5) 36. a4 $1 $11 d5 37. Re7 Qxa4 38. Rexc7 c4 39. Rc6 Qa1+
40. Kg2 Qe5 41. Kh3 {[#]} (41. Kg1 $11 {remains equal.}) 41... Qg5 ({Better is
} 41... f6 $1 $17 {next ...Kg6 is good for Black.} 42. Rd8 d4) 42. Kh2 $1 Qf4+
43. Kg2 Qf5 44. Kg3 Qh5 {Black is slightly better.} 45. Kg2 Qh4 46. R8c7 $1
Qg5+ {And White is the lucky defender.  Weighted Error Value: White=0.12/
Black=0.13} 1/2-1/2

[Event "9th Norway Chess 2021"]
[Site "Stavanger"]
[Date "2021.09.08"]
[Round "2.1"]
[White "Nepomniachtchi, Ian"]
[Black "Firouzja, Alireza"]
[Result "1/2-1/2"]
[WhiteElo "2792"]
[BlackElo "2754"]
[Annotator "TA"]
[PlyCount "61"]
[EventDate "2021.08.31"]
[EventType "tourn"]
[EventCountry "NOR"]
[SourceTitle "playchess.com"]
[Source "ChessBase"]
[SourceQuality "1"]

{[%evp 12,61,43,34,64,32,34,32,29,37,33,27,27,0,14,7,11,8,14,20,14,8,81,82,78,
76,84,87,104,12,10,9,16,4,10,6,18,0,0,0,0,-14,0,0,0,0,0,0,0,0,0,0]} 1. e4 e5 2.
Nf3 Nc6 3. Bb5 a6 4. Ba4 Nf6 5. O-O b5 6. Bb3 Bc5 7. a4 $1 {[%mdl 4] is now
more promising than 7.c3.} Rb8 {C78: Ruy Lopez: Archangelsk and Möller
Defences.} ({Don't blunder} 7... Nxe4 $2 8. axb5 Nxf2 9. Qe2 $18 (9. Rxf2 Bxf2+
10. Kxf2 Nd4 $16)) 8. Nxe5 Nxe5 9. d4 Bxd4 {White is slightly better.} 10. Qxd4
d6 11. axb5 axb5 12. f4 Nc6 13. Qd3 O-O 14. Nc3 $36 {[%mdl 2048] White has
good play.} Re8 15. e5 dxe5 16. Qxd8 $1 {[%mdl 64] [#] Overworked Piece} Rxd8
$5 $146 {[%mdl 8] New and interesting.} (16... Nxd8 $11 {keeps the balance.}
17. fxe5 Rxe5) ({Predecessor:} 16... Nxd8 17. fxe5 Rxe5 18. Bf4 Rc5 19. Be3 Rf5
20. Rxf5 Bxf5 21. Nxb5 Rxb5 22. Ra8 h6 23. Rxd8+ {1-0 (70) Duda,J (2632)
-Sevian,S (2578) Martuni 2015}) 17. fxe5 $16 Nxe5 18. Bf4 Re8 19. Rae1 Nc4 {[#]
} 20. Bxc7 ({White should play} 20. Nxb5 $1 $16 {[%mdl 512]} Rxb5 (20... Rxe1
21. Rxe1) 21. Bxc4) 20... Rxe1 $11 {The position is equal.} 21. Rxe1 Rb7 {[#]}
22. Rd1 $1 {Rd8+ would kill now.} Bd7 23. Bd8 Ng4 24. Ne4 Bc6 25. Nc5 {Hoping
for Bxc4.} Rb8 26. Rd4 Nge3 27. Bg5 Nf5 28. Rf4 Nfe3 29. Rd4 Nf5 30. Rf4 Nfe3
31. Rd4 {Weighted Error Value: White=0.10/Black=0.06} 1/2-1/2

[Event "9th Norway Chess 2021"]
[Site "Stavanger"]
[Date "2021.09.08"]
[Round "2.1"]
[White "Karjakin, Sergey"]
[Black "Rapport, Richard"]
[Result "1/2-1/2"]
[WhiteElo "2758"]
[BlackElo "2760"]
[Annotator "TA"]
[PlyCount "93"]
[EventDate "2021.08.31"]
[EventType "tourn"]
[EventCountry "NOR"]
[SourceTitle "playchess.com"]
[Source "ChessBase"]
[SourceQuality "1"]

{[%evp 11,93,27,46,12,16,18,25,0,0,0,0,-29,0,0,0,0,0,-20,-16,-42,-40,-44,-41,
-46,-25,-29,0,-4,-3,-154,-170,-179,-182,-183,-184,-169,-169,-188,-184,-184,
-195,-182,-163,-176,-173,-156,-157,-155,-133,-197,-123,-255,-208,-212,-68,-85,
-30,-37,-51,-46,0,-136,-166,-138,-109,-144,0,0,0,0,0,-53,0,0,0,0,0,0,0,0,0,0,0,
0]} 1. e4 c5 2. Nf3 e6 3. d4 cxd4 4. Nxd4 Nc6 5. Nc3 Qc7 6. Be3 a6 7. g4 {
7.Qf3 is the modern continuation. B48: Sicilian: Taimanov: 5 Nc3 Qc7 6 Be3 a6
without Be2.} b5 8. Nxc6 Qxc6 9. Qd2 (9. a3 $142) 9... b4 $11 10. Ne2 Qxe4 11.
Rg1 {Black must now prevent Bg2.} Qc4 12. Nf4 Qc7 {[#]} 13. O-O-O $146 ({
Predecessor:} 13. Nh5 Nf6 14. Nxf6+ gxf6 15. O-O-O Bb7 16. f4 Be7 17. Kb1 d5
18. g5 f5 19. Rg3 {1/2-1/2 (53) Zawadzka,J (2403)-Buksa,N (2413) Iasi 2021})
13... Nf6 14. Bg2 Bb7 15. g5 Ne4 {[%mdl 64] Double Attack} 16. Qd4 Nd6 17. Qxb4
Bxg2 18. Nxg2 Rb8 19. Qa4 a5 $40 {[%mdl 128] Strongly threatening ...Rb4.
Black mounts an attack.} 20. Bd2 (20. a3 $11) 20... Nc4 $1 $17 21. Bc3 Bb4 $1
22. Bxg7 Rg8 23. Bf6 Be7 24. Bc3 {Threatening Ne3.} Bxg5+ ({Weaker is} 24...
Rxg5 25. Ne3 $14) 25. Ne3 Nxe3 26. Rxg5 Rxg5 27. fxe3 Rbb5 $1 28. Qd4 {Qh8+ is
the strong threat.} Rbf5 29. e4 Rf3 30. Kb1 (30. Qh8+ $17 Ke7 31. Qxh7) 30...
f6 ({Black should try} 30... Rg2 $1 $19 31. a3 f6) 31. a4 (31. Qd2 $17) 31...
Rg7 32. h4 h5 (32... Rg2 $19 {And now ...Rf4 would win.} 33. h5 Rff2) 33. Qd2
$15 {[#]} Qf4 ({Black should play} 33... Rxc3 $1 $17 34. bxc3 Qb7+ {[%mdl 64]
Double Attack} 35. Kc1 Qxe4 {[%mdl 64] Double Attack}) 34. Qe2 $1 $11 Qg4 35.
Qb5 Re7 {Hoping for ...Rxc3!} (35... Rxc3 $5 36. Qb8+ Ke7 37. Qd6+ Kf7 38. bxc3
Kg8 $15) 36. Bxa5 {[#]} (36. Re1 $11) 36... Rf5 $3 $17 {[%mdl 512]} 37. exf5
Qxd1+ $19 {[%mdl 4096] Endgame KQR-KQB} 38. Ka2 {[#]} exf5 ({Reject} 38... Qxc2
$6 39. Bb4 $11) ({Better is} 38... Qd5+ $1 $17 39. c4 Qxb5 40. cxb5 exf5) 39.
Bb4 $1 $11 Rg7 40. Qxf5 Qg4 41. Qxf6 (41. Qc5 $11 Kf7 42. b3) 41... Qxb4 (41...
Qe6+ $15 42. Qxe6+ dxe6) 42. Qxg7 {Threatens to win with Qe5+.The position is
equal.} Qxa4+ {[%mdl 64] Double Attack. KQ-KQ} 43. Kb1 {aiming for Qh8+.} Qxh4
44. Qe5+ Kd8 45. Qb8+ Ke7 46. Qe5+ Kd8 47. Qb8+ {Weighted Error Value: White=0.
22/Black=0.17} 1/2-1/2

[Event "9th Norway Chess 2021"]
[Site "Stavanger"]
[Date "2021.09.08"]
[Round "2.2"]
[White "Carlsen, Magnus"]
[Black "Tari, Aryan"]
[Result "1-0"]
[WhiteElo "2855"]
[BlackElo "2642"]
[Annotator "TA"]
[PlyCount "93"]
[EventDate "2021.08.31"]
[EventType "tourn"]
[EventCountry "NOR"]
[SourceTitle "playchess.com"]
[Source "ChessBase"]
[SourceQuality "1"]

{[%evp 10,93,22,11,22,8,21,10,10,10,16,0,16,4,19,20,29,31,17,22,29,15,11,8,19,
0,5,25,85,89,80,80,109,64,155,156,196,205,177,193,210,215,241,203,393,219,229,
218,229,223,210,202,231,219,252,231,370,368,555,430,463,457,692,510,548,525,
778,753,863,866,1056,1080,994,916,2988,2624,29974,29975,29984,29985,29986,
29987,29990,29991,29992,29993]} 1. e4 e5 2. Nf3 Nc6 3. Bc4 Nf6 4. d3 Bc5 5. c3
d6 6. Nbd2 a5 {C54: Giuoco Piano: 4 c3 Nf6, main lines with 5 d4 and 5 d3.} 7.
Nf1 Be6 {[#]} 8. Bb5 $146 ({Predecessor:} 8. Bb3 O-O 9. Ng3 h6 10. O-O Bxb3 11.
axb3 Re8 12. Nf5 Kh7 13. N3h4 Ng8 14. Qf3 {1-0 (30) Bochnicka,V (2151)-Jurakic,
L (2023) Skalica 2020}) 8... O-O {The position is equal.} 9. Ng3 Ne7 10. d4
exd4 11. cxd4 Bb4+ 12. Kf1 c6 13. Bd3 $36 {[%mdl 2048] Threatens to win with
a3. White is pushing.} a4 $1 14. a3 Bb3 15. Bc2 Bxc2 16. Qxc2 Ba5 17. Qxa4 d5
18. e5 Ne4 (18... Nd7 $11) 19. Qc2 $16 {Black is now going downhill.} f5 20.
Ne2 f4 21. Bxf4 Ng6 (21... Qd7 $14) 22. Be3 Nh4 23. Ng3 Nxf3 24. gxf3 (24. Nxe4
$6 dxe4 25. gxf3 exf3 $16) 24... Ng5 {[#]} 25. f4 {[%cal Rf4g5]} Nf3 26. h4 c5
$2 (26... Qd7 {keeps fighting.} 27. f5 Bd8) 27. Kg2 (27. dxc5 $142 {aiming for
Rd1.} Qd7 28. Rd1) 27... Nxd4 $18 28. Bxd4 ({Don't do} 28. Qxc5 $6 Ne6 $14)
28... cxd4 29. f5 Qe8 30. b4 Bb6 31. Rhe1 Rc8 32. Qb3 Rc4 (32... Qb5 $142 33.
a4 Qc4) 33. Qf3 Qc6 (33... Rc7 $142 34. Qxd5+ Kh8) 34. f6 Qe6 35. Nf5 {[%cal
Bg3f5,Bf5e7,Be7d5][%mdl 32] And now Qg4! would win.} g6 (35... d3 $142 36. Rad1
(36. Nxg7 $2 Rg4+ 37. Kh1 Rxh4+ 38. Kg2 Rg4+ 39. Kf1 Rxg7 $19 {[%mdl 64] Pin})
36... Rf7 37. Rxd3 Rc2) 36. Ne7+ {[%mdl 64] Double Attack} Kh8 {intending ...
d3.} 37. Nxd5 d3 38. Nxb6 {[%mdl 64] Discovered Attack} Rg4+ 39. Kf1 d2 40. Re3
Rd4 {[#]} 41. Rd1 $1 Qxb6 (41... Rb8 42. Rd3) 42. e6 Qb5+ 43. Re2 {White mates.
} Rd3 {[#]} 44. e7 $1 {[%cal Re7f8][%mdl 512]} Re8 (44... Rdd8 45. f7) 45. Qe4
Qd7 46. f7 {[%cal Re4e5]} Qh3+ 47. Kg1 {[%cal Re4e5] Weighted Error Value:
White=0.18/Black=0.60} 1-0

[Event "9th Norway Chess 2021"]
[Site "Stavanger"]
[Date "2021.09.08"]
[Round "2.2"]
[White "Karjakin, Sergey"]
[Black "Rapport, Richard"]
[Result "1/2-1/2"]
[WhiteElo "2758"]
[BlackElo "2760"]
[Annotator "TA"]
[PlyCount "134"]
[EventDate "2021.08.31"]
[EventType "tourn"]
[EventCountry "NOR"]
[SourceTitle "playchess.com"]
[Source "ChessBase"]
[SourceQuality "1"]

{[%evp 11,134,28,41,10,18,12,10,11,8,-13,-19,-26,-18,-41,-38,-37,-43,-104,-112,
-108,-81,-94,-89,-119,-93,-95,-66,-66,-65,-66,-66,-76,-41,-76,0,-74,0,-108,-97,
-112,-113,-361,30,24,21,28,28,26,22,26,67,70,111,111,133,133,126,117,145,145,
145,145,145,145,145,145,145,141,139,139,139,139,139,139,139,139,139,113,152,
152,152,152,152,152,152,152,152,0,152,152,152,152,152,152,152,152,152,152,152,
152,152,152,152,152,152,152,152,152,152,152,152,152,152,152,152,45,47,51,52,53,
53,53,53,53,53]} 1. e4 d5 2. exd5 Qxd5 3. Nc3 Qa5 4. d4 Nf6 5. Nf3 Bf5 6. Bc4
e6 7. Bd2 {Nd5 is the strong threat. B01: Scandinavian Defence.} Bb4 {seems to
push 7...c6 aside.} 8. a3 Bxc3 9. Bxc3 {The position is equal.} Qb6 10. Ne5 Nc6
11. O-O O-O 12. Bb3 {[#]} Nxe5 $146 ({Predecessor:} 12... Rad8 13. Nc4 Qa6 14.
Ne3 Bg6 15. a4 Nxd4 16. Bxd4 c5 {1/2-1/2 (16) Halvax,G (2433)-Besner,B (2135)
St Veit 2018}) 13. dxe5 {[#]} Rfd8 $1 14. exf6 (14. Qf3 $15 Ne4 15. Rad1) 14...
Rxd1 $17 15. Raxd1 g5 16. Rd7 h5 17. Rfd1 Rf8 18. Re7 Kh7 19. Bc4 Kg6 20. Rdd7
Qc6 21. Rxc7 Qe4 22. Bf1 h4 (22... Qxc2 $17 23. Red7 (23. Rxb7 Bd3 $15) 23...
Qb1) 23. h3 ({Don't play} 23. Rxb7 h3 $17) (23. Red7 $1 $11 e5 24. Rd2) 23...
b6 (23... Qxc2 $17 24. Rxb7 Qc1) 24. Rxa7 {[#]} (24. Red7 $11 {keeps the
balance.} a5 25. Bd4) 24... g4 $1 25. Red7 gxh3 26. Rd4 $2 (26. gxh3 $17 {
only move.} Qxc2 27. Bg2 (27. Bb4 $2 Qb1 $19)) 26... hxg2 $2 (26... Qxc2 $19
27. Raa4 Qc1 28. Rxh4 Rd8) 27. Rxe4 $11 gxf1=R+ 28. Kxf1 Bxe4 $19 {[%mdl 4096]
Endgame KRB-KRB} 29. Ra4 Kf5 30. f3 $1 {[%cal Rf3e4]} Bxc2 31. Rxh4 e5 32. Rh5+
Kxf6 33. Rxe5 Kg6 34. Kf2 Rd8 35. Rb5 Rd6 36. Be5 Bd3 37. Bxd6 Bxb5 $16 {KB-KB}
38. Bc7 Kf5 39. Ke3 Ke6 40. Bxb6 Kd5 41. b3 Bd7 42. Kd3 Bh3 43. a4 Bg2 44. f4
f5 45. Kc3 Bf3 46. Bc7 Bd1 47. Be5 Kc5 48. Kb2 Kd5 49. Kc3 Kc5 $1 50. Bd4+ Kc6
51. Kc4 Bc2 52. Be3 Bd1 53. Kb4 Bc2 54. Ka3 Kd5 55. Bf2 Bd1 56. b4 {[%cal
Bb3b4,Bb4b5,Bb5b6][%mdl 32]} Kc4 57. b5 Bc2 58. Be1 Bd1 59. Bb4 Bc2 60. Bd6 Bd1
61. Bc7 Bc2 62. b6 Be4 63. a5 (63. Be5 $16) 63... Kb5 $14 {White is slightly
better.} 64. Kb3 {Threatens to win with Kc3.} Bb7 $1 65. Kc3 Kxa5 66. Kd4 {
Black must now prevent Ke5.} Ka6 67. Ke5 Be4 {What a bad dream for Black. 
Weighted Error Value: White=0.17/Black=0.20} 1/2-1/2

[Event "9th Norway Chess 2021"]
[Site "Stavanger"]
[Date "2021.09.09"]
[Round "3.1"]
[White "Rapport, Richard"]
[Black "Carlsen, Magnus"]
[Result "1/2-1/2"]
[WhiteElo "2760"]
[BlackElo "2855"]
[Annotator "TA"]
[PlyCount "36"]
[EventDate "2021.08.31"]
[EventType "tourn"]
[EventCountry "NOR"]
[SourceTitle "playchess.com"]
[Source "ChessBase"]
[SourceQuality "1"]

{[%evp 20,36,31,0,0,0,0,0,0,0,0,0,0,0,0,0,0,0,0]} 1. Nf3 Nf6 2. c4 g6 3. Nc3
Bg7 4. e4 d6 5. d4 O-O 6. Be2 e5 7. O-O exd4 8. Nxd4 Re8 9. f3 Nc6 10. Nc2 Nh5
11. g4 Be5 {The position is equal. E94: King's Indian: Classical: 6 Be2 e5 7
0-0: Various Black 7th moves.} 12. gxh5 {Hoping for Rf2.} Bxh2+ $1 13. Kxh2
Qh4+ {[%mdl 64] [#] Double Attack} 14. Kg1 Qg3+ 15. Kh1 {[#]} Qh4+ $5 $146 {
[%mdl 8] An interesting novelty.} ({Predecessor:} 15... Qh3+ 16. Kg1 {1/2-1/2 
(16) Korobov,A (2705)-Mamedov,R (2634) Baku 2012}) 16. Kg1 Qg3+ 17. Kh1 Qh4+
18. Kg1 Qg3+ {Not much happened in this game.  Weighted Error Value: White=0.
12/Black=0.00} 1/2-1/2